Elbing wie es heute ist

Titel: Elbing wie es heute ist : Reiseeindrücke in Wort und Bild aus der alten Hansestadt und ihrer Umgebung / Hans-Jürgen Schuch
Beteiligt:
Veröffentlicht: Münster/Westf. : Truso-Verl., 1991
Umfang: 144 S. : überwiegend Ill.
Format: Buch
Sprache: Deutsch
Schriftenreihe/
mehrbändiges Werk:
Elbinger Hefte ; 41
RVK-Notation:
Schlagworte:
ISBN: 3883780200
Buchumschlag
X
Lokale Klassifikation: 6 8 E 1
alg: 1797886
001A    $00043:10-10-91 
001B    $01999:05-08-22 $t18:44:58.000 
001C    $06060:10-03-15 $t18:01:01.000 
001D    $09999:99-99-99 
001U    $0utf8 
001X    $00 
002@    $0Aauc 
003@    $0017978866 
003O    $026195902 $aOCoLC 
004A    $03-88378-020-0 
007A    $0017978866 $aHEB 
007T    $0Herdhh017978866 
010@    $ager 
011@    $a1991 $n1991 
013H    $0z 
015@    $0Z 
021A    $a@Elbing wie es heute ist $dReiseeindrücke in Wort und Bild aus der alten Hansestadt und ihrer Umgebung $hHans-Jürgen Schuch 
028C    $BHrsg. $D20220215 $Ecgwrk $71128757214 $8Schuch, Hans-Jürgen$Z1930-2018 [Tp1] $9400948133 
033A    $pMünster/Westf. $nTruso-Verl. 
034D    $a144 S. 
034M    $aüberwiegend Ill. 
036E    $aElbinger Hefte $l41 
036F    $x241 $8Elbinger Hefte $9001706489 $l41 
044K    $#Elbing, Region $74217167-2 $8Elbląg$zRegion [Tg1] $9086119419 
044K    $RElbing $#Elbing $#Elbing Elbląg $71028071-6 $8Elbląg [Tg1] $9042042631 
045Z    $8LK 25840 [Tkv] $9409945676 

lok: 1797886 11
101B    $003-08-95 $t04:22:51.449 
107F    $005824431X 
101U    $0utf8 

exp: 1797886 11 1 #EPN
201B/01 $019-02-13 $t15:08:45.000 
201U/01 $0utf8 
203@/01 $0058244328 
208@/01 $a27-09-94 $bh 
209A/01 $a60 91 A 3938 $du $f100 $h91 A 3938 $x00 
209G/01 $a80199430 $x00 
247C/01 $8620100-3 <43>Wiesbaden, Hochschul- und Landesbibliothek RheinMain, Rheinstraße $9102599572 

lok: 1797886 24
101B    $004-08-95 $t00:22:15.803 
107F    $0086201468 
145Z/01 $a6 8 E 1 
101U    $0utf8 

exp: 1797886 24 1 #EPN
201B/01 $009-12-02 $t20:34:33.706 
203@/01 $0086201476 
208@/01 $a05-12-91 $bh 
209A/01 $a6 VIII E 221 $du $f050 $h6 8 E 221 $x00 
209C/01 $aG 91.4117 $h91 4117 G 
209G/01 $a70197103 $x00 
247C/01 $8358050-7 Marburg, Bibliothek des Herder-Instituts Marburg $9102600961 
201U/01 $0utf8 

lok: 1797886 78

exp: 1797886 78 1 #EPN
201B/01 $020-12-17 $t22:58:43.000 
201U/01 $0utf8 
203@/01 $0793103096 
208@/01 $a12-11-16 $be 
209A/01 $a/ $f000 $x00 
237A/01 $aweiterführende Signatur(en): Herder-Institut: 6 VIII E 221 
244Z/01 $2Trx $#Prusy Wschodnie i Zachodnie $8--Trx--Ost- und Westpreußen $x01 $939113373X 
244Z/01 $#Elbing $#Elbing Elbląg $71028071-6 $8--Tg1--Elbląg $x02 $9042042631 
244Z/01 $2Trx $#dzieło zbiorowe $8--Trx--Sammelwerk $x03 $9391384597 
247C/01 $82080>Marburg/Lahn, Herder-Institut, Forschungsbibliothek, Bibliographieportal $9336309341
LEADER 00000cam a2200000 c 4500
001 017978866
003 DE-603
005 20220805184458.0
007 tu
008 911010s1991 xx |||| | u00||u|ger c
020 |a 3883780200 
035 |a (DE-599)HEB017978866 
035 |a (OCoLC)26195902 
040 |a DE-603  |b ger  |c DE-603  |d DE-603 
041 |a ger 
084 |a LK 25840  |0 (DE-625)97708:  |0 (DE-603)409945676  |2 rvk 
245 0 0 |a Elbing wie es heute ist  |b Reiseeindrücke in Wort und Bild aus der alten Hansestadt und ihrer Umgebung  |c Hans-Jürgen Schuch 
264 1 |a Münster/Westf.  |b Truso-Verl.  |c 1991 
300 |a 144 S.  |b überwiegend Ill. 
490 1 |a Elbinger Hefte  |v 41 
651 7 |a Elbląg  |0 (DE-588)4217167-2  |0 (DE-603)086119419  |2 gnd 
651 7 |a Elbląg  |0 (DE-588)1028071-6  |0 (DE-603)042042631  |2 gnd 
700 1 |a Schuch, Hans-Jürgen  |d 1930-2018  |e Hrsg.  |4 edt  |0 (DE-603)400948133  |0 (DE-588)1128757214  |2 gnd 
830 0 |t Elbinger Hefte  |v 41  |w (DE-603)001706489  |w (DE-600)539678-5  |9 241  |7 as 
924 0 |9 43  |a (DE-603)058244328  |b DE-43  |c HES  |d c  |g 60 91 A 3938 
924 0 |9 Mb 50  |a (DE-603)086201476  |b DE-Mb50  |c HES  |d c  |g 6 VIII E 221 
924 0 |9 2080  |a (DE-603)793103096  |b DE-2080  |c HES  |d d  |g /